[Event "Bucharest-ch"]
[Site "Bucharest"]
[Date "2022.05.22"]
[Round "6"]
[White "Cosma, Ioan"]
[Black "Vardanian, Yurii"]
[Result "1-0"]
[WhiteElo "2394"]
[BlackElo "1700"]
[PlyCount "125"]
[EventDate "2022.05.19"]
[EventType "swiss"]
[EventRounds "7"]
[EventCountry "ROU"]
[SourceTitle "EXT 2023"]
[Source "ChessBase"]
[SourceDate "2022.10.05"]
[SourceVersion "1"]
[SourceVersionDate "2022.10.05"]
[SourceQuality "1"]

1. d4 d5 2. c4 e6 3. Nf3 Nf6 4. g3 c6 5. Bg2 Bd6 6. 0-0 Nbd7 7. Nfd2 e5 8. cxd5 cxd5 9. dxe5 Bxe5 10. Nf3 Bc7 11. Nc3 Nb6 12. Bg5 Be6 13. Qd4 h6 14. Bxf6 Qxf6 15. Qxf6 gxf6 16. Nb5 Bb8 17. Rac1 Kd7 18. Rfd1 a6 19. Nc3 Ke7 20. Rd4 a5 21. Re1 Be5 22. Rd3 Rhd8 23. Red1 Bxc3 24. Rxc3 Rac8 25. Rb3 Rd6 26. Nd4 a4 27. Rb4 Rc4 28. Rxc4 Nxc4 29. b3 axb3 30. axb3 Ne5 31. e3 f5 32. Ne2 Nd7 33. Rd4 Nc5 34. b4 Ne4 35. f3 Nf6 36. b5 Rb6 37. Nc3 Kd6 38. Bf1 Ke7 39. Kf2 Rd6 40. Ke1 Nd7 41. Rh4 Ne5 42. Be2 Bd7 43. Ra4 Kd8 44. Rd4 Be6 45. e4 fxe4 46. fxe4 Kd7 47. exd5 Bf5 48. Kd2 Rf6 49. Rf4 Ke7 50. Ke3 Ng6 51. Ra4 Bc8 52. Ra8 Bd7 53. Rb8 Rb6 54. Kd4 h5 55. Bxh5 Nf8 56. Be2 Bf5 57. Na4 Rh6 58. Rxb7+ Nd7 59. Nc5 Rxh2 60. Nxd7 Rxe2 61. Ne5+ Ke8 62. d6 Rd2+ 63. Kc5 1-0